<?xml version="1.0" encoding="UTF-8"?>
<record
    xmlns:xsi="http://www.w3.org/2001/XMLSchema-instance"
    xsi:schemaLocation="http://www.loc.gov/MARC21/slim http://www.loc.gov/standards/marcxml/schema/MARC21slim.xsd"
    xmlns="http://www.loc.gov/MARC21/slim">

  <leader>00570nam a2200217Ia 4500</leader>
  <controlfield tag="005">20230502164731.0</controlfield>
  <controlfield tag="008">230125s9999    xx            000 0 und d</controlfield>
  <datafield tag="020" ind1=" " ind2=" ">
    <subfield code="a">9788121932448</subfield>
  </datafield>
  <datafield tag="041" ind1=" " ind2=" ">
    <subfield code="a">eng</subfield>
  </datafield>
  <datafield tag="082" ind1=" " ind2=" ">
    <subfield code="a">658.8</subfield>
    <subfield code="b">PIL</subfield>
  </datafield>
  <datafield tag="100" ind1=" " ind2=" ">
    <subfield code="a">Pillai R S N</subfield>
    <subfield code="9">110885</subfield>
  </datafield>
  <datafield tag="245" ind1=" " ind2=" ">
    <subfield code="a">Marketing Management</subfield>
  </datafield>
  <datafield tag="260" ind1=" " ind2=" ">
    <subfield code="c">2016</subfield>
    <subfield code="b">S. Chand &amp; Company Ltd.</subfield>
    <subfield code="a">New Delhi</subfield>
  </datafield>
  <datafield tag="300" ind1=" " ind2=" ">
    <subfield code="a">548p</subfield>
  </datafield>
  <datafield tag="500" ind1=" " ind2=" ">
    <subfield code="a">Marketing Management
</subfield>
  </datafield>
  <datafield tag="650" ind1=" " ind2=" ">
    <subfield code="a">Marketing Management</subfield>
  </datafield>
  <datafield tag="700" ind1=" " ind2=" ">
    <subfield code="a">Pillai R S N &amp; Bagavathi</subfield>
    <subfield code="9">110886</subfield>
  </datafield>
  <datafield tag="906" ind1=" " ind2=" ">
    <subfield code="b">77.5</subfield>
  </datafield>
  <datafield tag="942" ind1=" " ind2=" ">
    <subfield code="c">BK</subfield>
  </datafield>
  <datafield tag="999" ind1=" " ind2=" ">
    <subfield code="c">94574</subfield>
    <subfield code="d">94574</subfield>
  </datafield>
  <datafield tag="952" ind1=" " ind2=" ">
    <subfield code="0">0</subfield>
    <subfield code="1">0</subfield>
    <subfield code="4">0</subfield>
    <subfield code="7">0</subfield>
    <subfield code="a">HIMR</subfield>
    <subfield code="b">HIMR</subfield>
    <subfield code="d">2017-02-11</subfield>
    <subfield code="e">Suyog Enterprises</subfield>
    <subfield code="g">250.00</subfield>
    <subfield code="i">SE/SI/3748</subfield>
    <subfield code="l">0</subfield>
    <subfield code="o">658.8 PIL B15151</subfield>
    <subfield code="p">HIMR-BK-15151</subfield>
    <subfield code="r">2023-01-25 00:00:00</subfield>
    <subfield code="v">172.50</subfield>
    <subfield code="w">2017-02-04</subfield>
    <subfield code="y">BK</subfield>
    <subfield code="z">B15151</subfield>
  </datafield>
  <datafield tag="952" ind1=" " ind2=" ">
    <subfield code="0">0</subfield>
    <subfield code="1">0</subfield>
    <subfield code="4">0</subfield>
    <subfield code="7">0</subfield>
    <subfield code="a">HIMR</subfield>
    <subfield code="b">HIMR</subfield>
    <subfield code="d">2017-02-11</subfield>
    <subfield code="e">Suyog Enterprises</subfield>
    <subfield code="g">250.00</subfield>
    <subfield code="i">SE/SI/3748</subfield>
    <subfield code="l">0</subfield>
    <subfield code="o">658.8 PIL B15152</subfield>
    <subfield code="p">HIMR-BK-15152</subfield>
    <subfield code="r">2023-01-25 00:00:00</subfield>
    <subfield code="v">172.50</subfield>
    <subfield code="w">2017-02-04</subfield>
    <subfield code="y">BK</subfield>
    <subfield code="z">B15152</subfield>
  </datafield>
  <datafield tag="952" ind1=" " ind2=" ">
    <subfield code="0">0</subfield>
    <subfield code="1">0</subfield>
    <subfield code="4">0</subfield>
    <subfield code="7">0</subfield>
    <subfield code="a">HIMR</subfield>
    <subfield code="b">HIMR</subfield>
    <subfield code="d">2017-02-11</subfield>
    <subfield code="e">Suyog Enterprises</subfield>
    <subfield code="g">250.00</subfield>
    <subfield code="i">SE/SI/3748</subfield>
    <subfield code="l">1</subfield>
    <subfield code="m">1</subfield>
    <subfield code="o">658.8 PIL B15153</subfield>
    <subfield code="p">HIMR-BK-15153</subfield>
    <subfield code="r">2023-06-28 00:00:00</subfield>
    <subfield code="s">2023-06-19</subfield>
    <subfield code="v">172.50</subfield>
    <subfield code="w">2017-02-04</subfield>
    <subfield code="y">BK</subfield>
    <subfield code="z">B15153</subfield>
  </datafield>
  <datafield tag="952" ind1=" " ind2=" ">
    <subfield code="0">0</subfield>
    <subfield code="1">0</subfield>
    <subfield code="4">0</subfield>
    <subfield code="7">0</subfield>
    <subfield code="a">HIMR</subfield>
    <subfield code="b">HIMR</subfield>
    <subfield code="d">2017-02-11</subfield>
    <subfield code="e">Suyog Enterprises</subfield>
    <subfield code="g">250.00</subfield>
    <subfield code="i">SE/SI/3748</subfield>
    <subfield code="l">0</subfield>
    <subfield code="o">658.8 PIL B15154</subfield>
    <subfield code="p">HIMR-BK-15154</subfield>
    <subfield code="r">2023-01-25 00:00:00</subfield>
    <subfield code="v">172.50</subfield>
    <subfield code="w">2017-02-04</subfield>
    <subfield code="y">BK</subfield>
    <subfield code="z">B15154</subfield>
  </datafield>
  <datafield tag="952" ind1=" " ind2=" ">
    <subfield code="0">0</subfield>
    <subfield code="1">0</subfield>
    <subfield code="4">0</subfield>
    <subfield code="7">0</subfield>
    <subfield code="a">HIMR</subfield>
    <subfield code="b">HIMR</subfield>
    <subfield code="d">2017-02-11</subfield>
    <subfield code="e">Suyog Enterprises</subfield>
    <subfield code="g">250.00</subfield>
    <subfield code="i">SE/SI/3748</subfield>
    <subfield code="l">0</subfield>
    <subfield code="o">658.8 PIL B15155</subfield>
    <subfield code="p">HIMR-BK-15155</subfield>
    <subfield code="r">2023-02-27 00:00:00</subfield>
    <subfield code="v">172.50</subfield>
    <subfield code="w">2017-02-04</subfield>
    <subfield code="y">BK</subfield>
    <subfield code="z">B15155</subfield>
  </datafield>
</record>
